[Event "FIDE Online Olympiad"]
[Site "Chess.com"]
[Date "2020.07.25"]
[EventDate "2020.07.25"]
[Round "1"]
[Result "0-1"]
[White "Aliuddin Azahari"]
[Black "Wynn Zaw Htun"]
[WhiteElo "2059"]
[BlackElo "2477"]
[PlyCount "60"]

1. e4 c5 2. Nf3 d6 3. Bb5+ Bd7 4. Bxd7+ Qxd7 5. O-O Nf6 6. Re1
Nc6 7. c4 g6 8. Nc3 Bg7 9. d4 cxd4 10. Nxd4 Nxd4 11. Qxd4 O-O
12. Bg5 Rfc8 13. b3 Nd5 14. Qxd5 Bxc3 15. Rad1 Bxe1 16. Rxe1
Rc5 17. Qd2 Qe6 18. f3 a6 19. Be3 Rc6 20. Bd4 f6 21. Qb4 Qd7
22. a4 a5 23. Qd2 Qe6 24. Qh6 Rcc8 25. f4 b5 26. f5 gxf5
27. Re3 f4 28. Qxf4 bxc4 29. Rg3+ Kh8 30. Qh6 Rg8 0-1

[Event "FIDE Online Olympiad"]
[Site "Chess.com"]
[Date "2020.07.25"]
[EventDate "2020.07.25"]
[Round "1"]
[Result "0-1"]
[White "Htet Win Htet"]
[Black "Azahari Siti Nur Fatanah Hj"]
[WhiteElo "1575"]
[BlackElo "1898"]
[PlyCount "71"]

1. d4 d5 2. c4 c6 3. Nc3 Nf6 4. Nf3 dxc4 5. a4 e6 6. e3 Bb4
7. Bxc4 O-O 8. Qc2 a6 9. O-O b6 10. Rd1 Bb7 11. Bd2 Qe7
12. Qb3 b5 13. axb5 cxb5 14. Bd3 Bxc3 15. Bxc3 Nbd7 16. Bb4
Qd8 17. Bxf8 Nxf8 18. Ne5 Qd6 19. Rdc1 Ng6 20. Nxg6 hxg6
21. f3 Nd5 22. Be4 f5 23. Bxd5 Bxd5 24. Qa3 Qd7 25. Rc3 a5
26. Qb3 Bxb3 27. Rxb3 a4 28. Rc3 Rc8 29. Rac1 Rxc3 30. Rxc3 b4
31. Rc4 Qb5 32. Rc8+ Kh7 33. Rc1 a3 34. bxa3 bxa3 35. Ra1 Qb2
36. Rf1 0-1

[Event "FIDE Online Olympiad"]
[Site "Chess.com"]
[Date "2020.07.25"]
[EventDate "2020.07.25"]
[Round "1"]
[Result "0-1"]
[White "Abdul Zahirul Zazali"]
[Black "Han Thiha Sai"]
[WhiteElo "1695"]
[BlackElo "1768"]
[PlyCount "60"]

1. e4 c5 2. Nf3 d6 3. Nc3 Nf6 4. d4 cxd4 5. Nxd4 g6 6. Bc4 Bg7
7. O-O O-O 8. Re1 Nc6 9. Be3 Ng4 10. Nb3 Nxe3 11. Rxe3 Ne5
12. Be2 Be6 13. Nd4 Bc4 14. f4 Bxe2 15. Ncxe2 Nc4 16. Rb3 Qc7
17. Qd3 Rfc8 18. Kh1 Qd7 19. f5 a5 20. a4 d5 21. exd5 Qxd5
22. Rd1 Nd6 23. fxg6 hxg6 24. Nb5 Qxd3 25. Rdxd3 Rxc2 26. Ng1
Ne4 27. h3 Nf2+ 28. Kh2 Be5+ 29. Rg3 Ne4 30. Nd4 Bxd4 0-1

[Event "FIDE Online Olympiad"]
[Site "Chess.com"]
[Date "2020.07.25"]
[EventDate "2020.07.25"]
[Round "1"]
[Result "0-1"]
[White "Elmer Prudente"]
[Black "Ali Khan Salman"]
[WhiteElo "1786"]
[BlackElo "1687"]
[PlyCount "80"]

1. e4 c5 2. Nf3 d6 3. d4 cxd4 4. Nxd4 Nf6 5. Nc3 a6 6. Be3 e5
7. Nb3 Be7 8. Be2 O-O 9. Qd2 Be6 10. O-O Nbd7 11. a4 Rc8
12. a5 Qc7 13. Rfd1 Rfd8 14. f3 Nc5 15. Nd5 Nxd5 16. exd5 Bf5
17. Nxc5 dxc5 18. c4 Bd6 19. Bd3 Bxd3 20. Qxd3 g6 21. Bg5 Re8
22. Bf6 e4 23. fxe4 Bxh2+ 24. Kh1 Qd6 25. Rf1 Be5 26. Bg5 Bxb2
27. Rab1 Re5 28. Qg3 Bd4 29. Rxb7 Rc7 30. Rb8+ Kg7 31. Bf6+
Qxf6 32. Rxf6 Rh5+ 33. Qh2 Rxh2+ 34. Kxh2 Bxf6 35. Rb6 Re7
36. Rxa6 Rxe4 37. Rc6 Rxc4 38. a6 Be5+ 39. Kh3 Ra4 40. Rxc5
Rxa6 0-1

[Event "FIDE Online Olympiad"]
[Site "Chess.com"]
[Date "2020.07.25"]
[EventDate "2020.07.25"]
[Round "2"]
[Result "0-1"]
[White "Kassim Hassan Fidow"]
[Black "Salim Al Amri Salim Mohammed"]
[WhiteElo "1607"]
[BlackElo "2032"]
[PlyCount "114"]

1. e4 c5 2. Nf3 Nc6 3. d4 cxd4 4. Nxd4 Nf6 5. Nc3 e5 6. Ndb5
d6 7. Bg5 a6 8. Na3 b5 9. Nd5 Be7 10. Nxe7 Qxe7 11. c3 h6
12. Bxf6 Qxf6 13. f3 O-O 14. Bd3 Be6 15. O-O Rad8 16. Qe2 Ne7
17. Nc2 g5 18. a4 Ng6 19. g3 d5 20. axb5 axb5 21. Bxb5 Qe7
22. exd5 Bxd5 23. c4 Bb7 24. Rfd1 e4 25. Re1 Qc5+ 26. Qe3
Qxe3+ 27. Nxe3 exf3 28. Rad1 Ne5 29. Nd5 Ng4 30. Re7 Bxd5
31. cxd5 Rb8 32. Bd7 Nf6 33. Rd2 Rb7 34. Kf2 Rxd7 35. Rxd7
Nxd7 36. Kxf3 Rb8 37. Kg4 Kf8 38. d6 Rb4+ 39. Kf5 Rb5+ 40. Kg4
f5+ 41. Kh3 Kf7 42. Kg2 Ke6 43. h4 Nc5 44. hxg5 hxg5 45. g4 f4
46. Rc2 Kxd6 47. Rd2+ Ke5 48. Re2+ Ne4 49. Rc2 Rb3 50. Kh2 f3
51. Kg1 Kf4 52. Kh2 Kxg4 53. Kg1 Kf4 54. Kh2 g4 55. Kh1 Rd3
56. Rc1 Rd2 57. Rb1 Ng3+ 0-1

[Event "FIDE Online Olympiad"]
[Site "Chess.com"]
[Date "2020.07.25"]
[EventDate "2020.07.25"]
[Round "2"]
[Result "0-1"]
[White "Manoj Kumar"]
[Black "Elmer Prudente"]
[WhiteElo "1968"]
[BlackElo "1786"]
[PlyCount "52"]

1. d4 Nf6 2. Nf3 d5 3. c4 c6 4. Nc3 dxc4 5. a4 Bf5 6. e3 e6
7. Bxc4 Bb4 8. O-O Nbd7 9. h3 h6 10. Qe2 O-O 11. e4 Bg6
12. Bd3 Qa5 13. Bd2 e5 14. dxe5 Nxe5 15. Nxe5 Qxe5 16. f4 Qd6
17. f5 Bh5 18. g4 Bxg4 19. hxg4 Qg3+ 20. Kh1 Qh3+ 21. Qh2 Qxd3
22. Rad1 Bxc3 23. Bxc3 Qxe4+ 24. Qg2 Qxg2+ 25. Kxg2 Nxg4
26. Kf3 Nh2+ 0-1

[Event "FIDE Online Olympiad"]
[Site "Chess.com"]
[Date "2020.07.25"]
[EventDate "2020.07.25"]
[Round "2"]
[Result "0-1"]
[White "Rogelio L Orio"]
[Black "Taione Sikivou"]
[WhiteElo "1790"]
[BlackElo "1865"]
[PlyCount "132"]

1. d4 d5 2. Bf4 c6 3. Nf3 Qb6 4. b3 Be6 5. Nbd2 Bf5 6. Rc1 e6
7. c4 Ba3 8. c5 Qa5 9. Nh4 Bxc1 10. Nxf5 exf5 11. Qxc1 Nf6
12. a3 O-O 13. f3 Re8 14. Kf2 Nbd7 15. h3 Kh8 16. g4 g6 17. e3
Re6 18. Bd3 fxg4 19. hxg4 Rae8 20. Bb1 Qd8 21. Qc2 Nf8 22. Nf1
b6 23. b4 a5 24. Qc3 axb4 25. axb4 b5 26. Be5 Kg8 27. Ng3 N8d7
28. Bf4 Nf8 29. g5 N6d7 30. Rh6 Qa8 31. Qc2 Qa3 32. e4 Qxb4
33. Be3 Rc8 34. e5 Ra8 35. Ne2 Ra3 36. Bd2 Qb3 37. Qxb3 Rxb3
38. Rh1 Re8 39. Bc2 Rb2 40. Rc1 Ne6 41. Bc3 Ra2 42. Bb1 Ra7
43. f4 Ng7 44. Bd2 Nf8 45. Ng3 Nfe6 46. Be3 Ra4 47. Rd1 Rea8
48. f5 Nc7 49. Bf4 R8a7 50. fxg6 hxg6 51. Ne2 Nce6 52. Be3 Ra1
53. Rg1 b4 54. Bd2 Rb7 55. Bxg6 Rxg1 56. Bxf7+ Kxf7 57. Kxg1
Kg6 58. Kf2 Nxg5 59. Ke3 Ne4 60. Nf4+ Kf5 61. Be1 b3 62. Nd3
b2 63. Nxb2 Rxb2 64. Kd3 Rb3+ 65. Kc2 Rh3 66. Ba5 Ne6 0-1

[Event "FIDE Online Olympiad"]
[Site "Chess.com"]
[Date "2020.07.25"]
[EventDate "2020.07.25"]
[Round "2"]
[Result "0-1"]
[White "Gloria Sukhu"]
[Black "Myra Ollet"]
[WhiteElo "1411"]
[BlackElo "1468"]
[PlyCount "84"]

1. e4 d6 2. Nf3 e5 3. Be2 Nf6 4. Nc3 b6 5. d4 Nbd7 6. Be3 Ng4
7. Qd2 Nxe3 8. Qxe3 Bb7 9. O-O-O Qe7 10. Nb5 Nf6 11. d5 a6
12. Na3 O-O-O 13. Ng5 h6 14. Qh3+ Kb8 15. Bd3 Nd7 16. Nc4
Qxg5+ 17. Kb1 Nc5 18. Qf3 Qf4 19. Qe2 Nxd3 20. Qxd3 Be7 21. g3
Qf6 22. Ne3 g6 23. Rhf1 Qg7 24. Qb3 Bg5 25. Nc4 Ka7 26. h4 Be7
27. Rd3 f5 28. Nd2 f4 29. Rc3 Rc8 30. Qc4 Bd8 31. Nb3 Qd7
32. Qd3 g5 33. Nd2 gxh4 34. Ra3 h3 35. Nc4 Rg8 36. Qc3 fxg3
37. fxg3 h2 38. Qe3 Qb5 39. Na5 Qxf1+ 40. Qc1 h1=Q 41. Nb3
Qxc1+ 42. Nxc1 Bg5 0-1

[Event "FIDE Online Olympiad"]
[Site "Chess.com"]
[Date "2020.07.25"]
[EventDate "2020.07.25"]
[Round "2"]
[Result "0-1"]
[White "Ruth Nacario"]
[Black "Aarti Sewak"]
[WhiteElo "1552"]
[BlackElo "1412"]
[PlyCount "76"]

1. e4 c5 2. Nf3 Nc6 3. Bc4 e6 4. Nc3 Na5 5. Be2 a6 6. d3 Be7
7. Be3 b5 8. Nb1 Bb7 9. c3 h6 10. a3 d6 11. b4 cxb4 12. axb4
Nc6 13. d4 Bg5 14. Qd2 Bxe3 15. Qxe3 Nce7 16. Nbd2 Nf6 17. Bd3
g5 18. h3 Ng6 19. g3 Qc7 20. Rc1 Rc8 21. c4 Qd7 22. O-O g4
23. hxg4 Nxg4 24. Qe2 e5 25. d5 bxc4 26. Nxc4 Qd8 27. Kg2 h5
28. Rh1 h4 29. Ne3 Rxc1 30. Rxc1 hxg3 31. Rh1 Nf4+ 32. Kg1
Nxe2+ 33. Kf1 Rxh1+ 34. Kxe2 Nxe3 35. fxg3 Qb6 36. g4 Nxg4
37. Kd2 Qxb4+ 38. Kc2 Ne3# 0-1

[Event "FIDE Online Olympiad"]
[Site "Chess.com"]
[Date "2020.07.25"]
[EventDate "2020.07.25"]
[Round "2"]
[Result "0-1"]
[White "Grace Co Estur"]
[Black "Tanvi Prasad"]
[WhiteElo "1472"]
[BlackElo "1307"]
[PlyCount "116"]

1. d4 d5 2. Nf3 Nf6 3. e3 Bg4 4. Be2 e6 5. O-O Bd6 6. b3 a6
7. Bb2 Nc6 8. Ne5 Bxe2 9. Qxe2 Nd7 10. f4 Ncxe5 11. fxe5 Be7
12. Nd2 O-O 13. Rf2 c5 14. c4 f6 15. Raf1 cxd4 16. exd4 fxe5
17. c5 Rxf2 18. Rxf2 Qc7 19. b4 e4 20. Qg4 Bf6 21. Nf1 Qc6
22. Ne3 Rf8 23. a3 b6 24. Bc3 bxc5 25. bxc5 g6 26. Qh3 Bg7
27. Rxf8+ Nxf8 28. Ng4 Qa4 29. Be1 Qxd4+ 30. Nf2 Qxc5 31. Kf1
e3 32. Bb4 Qc4+ 33. Ke1 exf2+ 34. Kxf2 Bd4+ 35. Kf3 Qf1+
36. Kg3 Qd3+ 37. Kg4 h5+ 38. Kf4 Qxh3 39. gxh3 Bb2 40. Ke3 e5
41. Kd3 e4+ 42. Ke3 Ne6 43. Bd6 g5 44. Be7 g4 45. hxg4 hxg4
46. Bd6 Ng5 47. Bg3 d4+ 48. Kf4 Bc1+ 49. Kxg4 d3 50. Be1 d2
51. Bxd2 Bxd2 52. h4 e3 53. Kg3 e2 54. hxg5 e1=Q+ 55. Kg4 Qe4+
56. Kh5 Qh1+ 57. Kg6 Qh4 58. a4 Qxg5# 0-1

[Event "FIDE Online Olympiad"]
[Site "Chess.com"]
[Date "2020.07.25"]
[EventDate "2020.07.25"]
[Round "3"]
[Result "0-1"]
[White "Elmer Prudente"]
[Black "Aliuddin Azahari"]
[WhiteElo "1786"]
[BlackElo "2059"]
[PlyCount "46"]

1. e4 e5 2. Nc3 Nc6 3. Bc4 Bc5 4. Nf3 Nf6 5. O-O O-O 6. d3 h6
7. Na4 Bb6 8. Nxb6 axb6 9. a3 d6 10. h3 Be6 11. Bxe6 fxe6
12. Be3 Qe8 13. c3 Qg6 14. Nh4 Qf7 15. Qf3 Kh8 16. Qg3 g5
17. Nf3 Nh5 18. Qg4 Nf6 19. Qg3 Rg8 20. Ne1 Nh5 21. Qg4 Nf4
22. Rd1 h5 23. Qg3 Ne2+ 0-1

[Event "FIDE Online Olympiad"]
[Site "Chess.com"]
[Date "2020.07.25"]
[EventDate "2020.07.25"]
[Round "1"]
[Result "0-1"]
[White "Mashala Kabamwanishi"]
[Black "Bongo Akanga Ndjila, Barthelemy"]
[WhiteElo "1856"]
[BlackElo "1887"]
[PlyCount "44"]

1. e4 c6 2. d4 d5 3. Nc3 dxe4 4. Nxe4 Nf6 5. Nxf6+ exf6 6. Be3 Bd6 7. Bd3 O-O
8. Qh5 g6 9. Qh6 Re8 10. O-O-O Nd7 11. Ne2 Bf8 12. Qf4 Qa5 13. Kb1 Bg7 14. Bd2
Qb6 15. h4 Nf8 16. h5 Ne6 17. Qg3 Nxd4 18. Nxd4 Qxd4 19. hxg6 hxg6 20. Rh4 Qc5
21. Bxg6 fxg6 22. Qxg6 Bf5  0-1

[Event "FIDE Online Olympiad"]
[Site "Chess.com"]
[Date "2020.07.25"]
[EventDate "2020.07.25"]
[Round "1"]
[Result "0-1"]
[White "Dieudonne Muheto"]
[Black "Ezio Righi"]
[WhiteElo "1802"]
[BlackElo "1994"]
[PlyCount "110"]

1. c4 e6 2. g3 d5 3. Bg2 c6 4. cxd5 exd5 5. d4 Nf6 6. Nf3 Be7 7. O-O O-O 8. Nc3
Bf5 9. Qb3 Qb6 10. Qxb6 axb6 11. a3 b5 12. Bg5 Nbd7 13. Ne5 Bd6 14. Nxd7 Nxd7
15. b4 Nb6 16. e4 dxe4 17. Nxe4 Bxe4 18. Bxe4 Rfe8 19. Bd3 h6 20. Be3 Ra6 21.
Ra2 Bxb4 22. Rfa1 Bf8 23. Kg2 Rea8 24. Bc1 Nc4 25. Bxc4 bxc4 26. Rc2 b5 27. Rb1
Bxa3 28. Bxa3 Rxa3 29. d5 cxd5 30. Rxb5 R3a5 31. Rb7 R5a7 32. Rb5 Rd8 33. Rc5
Kf8 34. Rd2 Rad7 35. Kf1 Ke7 36. Rc6 Rd6 37. Rc7+ R8d7 38. Rc8 Ra6 39. h4 Ra3
40. Re2+ Kd6 41. Rc2 Ke5 42. Ke2 Kd4 43. Rd2+ Rd3 44. Rxd3+ cxd3+ 45. Kd2 Ra7
46. Rb8 Ra2+ 47. Kd1 Rxf2 48. g4 Ke3 49. Re8+ Kf4 50. g5 hxg5 51. hxg5 Kxg5 52.
Re5+ f5 53. Rxd5 d2 54. Rd7 g6 55. Rd5 Kg4  0-1

[Event "FIDE Online Olympiad"]
[Site "Chess.com"]
[Date "2020.07.25"]
[EventDate "2020.07.25"]
[Round "2"]
[Result "0-1"]
[White "Danilo Volpinari"]
[Black "Al-Ghasra, Ali"]
[WhiteElo "1946"]
[BlackElo "2003"]
[PlyCount "112"]

1. d4 Nf6 2. Bf4 d5 3. e3 e6 4. Nd2 c5 5. c3 Nc6 6. Ngf3 Be7 7. Bd3 Qb6 8. Rb1
c4 9. Bc2 Qa6 10. a3 Bd7 11. Qe2 b5 12. e4 dxe4 13. Nxe4 Nxe4 14. Qxe4 f5 15.
Qe2 O-O 16. O-O Rae8 17. Rfe1 Qb7 18. Rbd1 a6 19. Bb1 Bc8 20. h4 h6 21. h5 Rd8
22. Qe3 Bf6 23. Ne5 Bxe5 24. dxe5 Qf7 25. Qf3 Bb7 26. Qh3 Ne7 27. Rd6 Nd5 28.
Bc1 Qe7 29. Rxd8 Qxd8 30. Qg3 Kh8 31. Qg6 Qe8 32. Qxe8 Rxe8 33. f3 Rf8 34. Kf2
Kh7 35. Rh1 Bc6 36. Bc2 Kg8 37. Rh4 Rd8 38. Rd4 Kf7 39. Rd1 Rf8 40. Rd4 Rd8 41.
Rd1 Ke7 42. Rd4 Be8 43. Rh4 Bc6 44. Rd4 Be8 45. Rh4 Rc8 46. g4 fxg4 47. Rxg4
Kf8 48. Bg6 Ne7 49. Bxe8 Rxe8 50. Rd4 Nd5 51. Rg4 Kf7 52. Rg6 Rd8 53. Rg4 Ne7
54. Ke2 Rd5 55. Re4 Nf5 56. Kf2 Rd3  0-1

[Event "FIDE Online Olympiad"]
[Site "Chess.com"]
[Date "2020.07.25"]
[EventDate "2020.07.25"]
[Round "2"]
[Result "0-1"]
[White "Al Mahmood, Salman"]
[Black "Alessandro Vivoli"]
[WhiteElo "1588"]
[BlackElo "1382"]
[PlyCount "92"]

1. d4 d5 2. Nf3 Nf6 3. e3 Bf5 4. Be2 e6 5. O-O Bd6 6. Nbd2 O-O 7. Nh4 Bg6 8.
Nxg6 hxg6 9. Bf3 c5 10. c3 Qc7 11. g3 Nc6 12. Qe2 c4 13. e4 dxe4 14. Nxe4 b5
15. Nxd6 Qxd6 16. Bf4 Qd7 17. Rfd1 Rac8 18. a4 a6 19. axb5 axb5 20. b3 Nd5 21.
bxc4 Nxc3 22. Qd3 Nxd1 23. Rxd1 bxc4 24. Qxc4 Ne7 25. Qe2 Nd5 26. Be3 Nc3 27.
Qd3 Nxd1 28. Qxd1 Rfd8 29. Qd3 e5 30. d5 f5 31. Qa6 e4 32. Be2 Qd6 33. Bb6 Rf8
34. Bc4 Rf6 35. Qxc8+ Kh7 36. Qc6 Qxc6 37. dxc6 Rxc6 38. Bb5 Rxb6 39. Be2 Kg8
40. Kg2 Kf7 41. Kh3 Kf6 42. g4 f4 43. Kh4 g5+ 44. Kh5 g6+ 45. Kh6 Rb2 46. Bc4
Rxf2  0-1

[Event "FIDE Online Olympiad"]
[Site "Chess.com"]
[Date "2020.07.25"]
[EventDate "2020.07.25"]
[Round "2"]
[Result "0-1"]
[White "Bongo Akanga Ndjila, Barthelemy"]
[Black "Fadi Eid"]
[WhiteElo "1887"]
[BlackElo "2337"]
[PlyCount "76"]

1. d4 Nc6 2. c4 e5 3. d5 Nce7 4. Nc3 Ng6 5. e4 Nf6 6. g3 Bb4 7. Bg2 Bxc3+ 8.
bxc3 d6 9. Rb1 O-O 10. Ne2 b6 11. O-O Nd7 12. a4 a5 13. f4 exf4 14. gxf4 f5 15.
Ng3 Nh4 16. Bh1 fxe4 17. Nxe4 Nc5 18. Ng5 Bf5 19. Rb2 h6 20. Ne6 Nxe6 21. dxe6
Bxe6 22. Bxa8 Qxa8 23. Qh5 Nf5 24. Rg2 Bxc4 25. Re1 Qc6 26. Qd1 Qc5+ 27. Kh1
Bd5 28. c4 Bxg2+ 29. Kxg2 Qxc4 30. Qg4 Kh7 31. Bb2 Qf7 32. Kh1 Qg6 33. Qf3 Nh4
34. Qf2 Rxf4 35. Qe2 Rg4 36. Qf1 Qc2 37. Re2 Qc6+ 38. Rg2 Rxg2  0-1

[Event "FIDE Online Olympiad"]
[Site "Chess.com"]
[Date "2020.07.25"]
[EventDate "2020.07.25"]
[Round "2"]
[Result "0-1"]
[White "Bongo Ngombele, Tary"]
[Black "Jawad Farhat"]
[WhiteElo "1688"]
[BlackElo "1693"]
[PlyCount "46"]

1. e4 e6 2. d4 d5 3. e5 c5 4. c3 Nc6 5. Nf3 Qb6 6. Be2 cxd4 7. cxd4 Nge7 8. b3
Nf5 9. Bb2 Bb4+ 10. Kf1 Bd7 11. a3 Be7 12. g4 Nh6 13. h3 Rc8 14. Kg2 O-O 15.
Nbd2 f6 16. b4 fxe5 17. dxe5 Nf7 18. h4 Nh6 19. Kg3 Rf7 20. Nb3 Rcf8 21. b5 Na5
22. Bd4 Qd8 23. Bxa7 Rf4  0-1

[Event "FIDE Online Olympiad"]
[Site "Chess.com"]
[Date "2020.07.25"]
[EventDate "2020.07.25"]
[Round "2"]
[Result "0-1"]
[White "Bakary Traore"]
[Black "Mashala Kabamwanishi"]
[WhiteElo "2145"]
[BlackElo "1856"]
[PlyCount "120"]

1. e4 e5 2. Nf3 Nc6 3. Bb5 Nf6 4. O-O Nxe4 5. Re1 Nd6 6. Nxe5 Nxe5 7. Rxe5+ Be7
8. Bd3 O-O 9. Nc3 c6 10. b3 Bf6 11. Re1 Re8 12. Ba3 Rxe1+ 13. Qxe1 Ne8 14. Qe4
g6 15. Re1 Nc7 16. Be7 Bxe7 17. Qxe7 Qxe7 18. Rxe7 Kf8 19. Re1 d5 20. Ne2 Bd7
21. Nd4 Re8 22. Rxe8+ Nxe8 23. f4 c5 24. Nf3 f6 25. Kf2 Nd6 26. c3 Bf5 27. Bxf5
Nxf5 28. d4 b6 29. g4 Nd6 30. Ke3 c4 31. bxc4 Nxc4+ 32. Kd3 Ke7 33. Nd2 Nxd2
34. Kxd2 Kd6 35. Kd3 b5 36. Ke3 Kc6 37. Kd3 Kb6 38. Kc2 Ka5 39. Kb3 Kb6 40. Kb4
a5+ 41. Kb3 Kc7 42. h3 Kd7 43. a4 Kc6 44. Ka3 Kb6 45. Kb3 bxa4+ 46. Kxa4 f5 47.
g5 Ka6 48. Ka3 Kb5 49. Kb3 a4+ 50. Ka3 Kc4 51. Kxa4 Kxc3 52. Kb5 Kxd4 53. Kc6
Ke4 54. Kd6 d4 55. Ke6 Kxf4 56. Kf6 d3 57. Kg7 Kxg5 58. Kxh7 d2 59. Kg7 d1=Q
60. Kh7 Qd7+  0-1

[Event "FIDE Online Olympiad"]
[Site "Chess.com"]
[Date "2020.07.25"]
[EventDate "2020.07.25"]
[Round "3"]
[Result "0-1"]
[White "Mashala Kabamwanishi"]
[Black "Husain Ayyad"]
[WhiteElo "1856"]
[BlackElo "2249"]
[PlyCount "84"]

1. e4 e5 2. Nf3 Nc6 3. Bb5 a6 4. Ba4 Nf6 5. O-O Be7 6. Re1 b5 7. Bb3 d6 8. c3
O-O 9. h3 Bb7 10. d4 h6 11. Nbd2 Re8 12. Bc2 Bf8 13. b3 g6 14. Bb2 Bg7 15. Rc1
Qd7 16. Bb1 Nh5 17. Nf1 Nf4 18. Ng3 Rad8 19. Qd2 h5 20. d5 Ne7 21. c4 Bh6 22.
Kh2 Kh7 23. Qa5 c5 24. dxc6 Bxc6 25. Rcd1 f6 26. Ba3 Nc8 27. Qxa6 bxc4 28. Qxc4
Qb7 29. Rc1 Ne7 30. Qf7+ Bg7 31. Rcd1 Qa7 32. Bxd6 Qxf2 33. Rg1 Nc8 34. Rdf1
Qb2 35. Bb4 Bb5 36. Re1 Nd6 37. Bxd6 Rxd6 38. Qb7 Ba6 39. Qb4 Red8 40. Qa5 Rd2
41. Nxd2 Rxd2 42. Qc7 Rxg2+  0-1

[Event "FIDE Online Olympiad"]
[Site "Chess.com"]
[Date "2020.07.25"]
[EventDate "2020.07.25"]
[Round "3"]
[Result "0-1"]
[White "Hasseye Alhousseyni"]
[Black "Ahmad Najjar"]
[WhiteElo "1925"]
[BlackElo "2178"]
[PlyCount "72"]

1. e4 c5 2. Nf3 g6 3. d4 cxd4 4. Nxd4 Nc6 5. Nc3 Bg7 6. Be3 Nf6 7. f3 d5 8.
exd5 Nxd5 9. Nxc6 bxc6 10. Nxd5 Qxd5 11. Qxd5 cxd5 12. c3 O-O 13. O-O-O Rd8 14.
Bb5 Bb7 15. Ba4 e5 16. Bb3 a5 17. a3 d4 18. cxd4 exd4 19. Bf4 Bd5 20. Bxd5 Rxd5
21. Rd3 a4 22. Kb1 h5 23. Rhd1 Rb5 24. Bd6 Re8 25. Bb4 h4 26. Rc1 h3 27. gxh3
Rh5 28. f4 Re4 29. Bd6 Re3 30. Rxe3 dxe3 31. Re1 Rxh3 32. Re2 Rf3 33. Kc2 Bxb2
34. Kd3 Bc1 35. Be5 Rf2 36. Bd6 Rxe2  0-1

[Event "FIDE Online Olympiad"]
[Site "Chess.com"]
[Date "2020.07.25"]
[EventDate "2020.07.25"]
[Round "3"]
[Result "0-1"]
[White "Jeremie Derain"]
[Black "Ebrima Bah"]
[WhiteElo "1781"]
[BlackElo "2085"]
[PlyCount "76"]

1. e4 e5 2. Nf3 Nc6 3. Bb5 Nce7 4. O-O Ng6 5. c3 c6 6. Ba4 Be7 7. d4 d6 8. h3
Nf6 9. Re1 O-O 10. Nbd2 Be6 11. Nf1 Qc7 12. Ng3 Qc8 13. Ng5 Bd7 14. Bb3 b5 15.
Nh5 Nxh5 16. Qxh5 Bxg5 17. Bxg5 a5 18. a4 Be6 19. d5 Bd7 20. Rad1 c5 21. axb5
Bxb5 22. c4 Bd7 23. Bc2 a4 24. b3 a3 25. Ra1 a2 26. Bd2 f5 27. exf5 Bxf5 28.
Bxf5 Rxf5 29. Qg4 Qf8 30. Be3 Qf6 31. Re2 h5 32. Qe4 Nf4 33. Bxf4 Rxf4 34. Qe3
Rd4 35. Rexa2 Rxa2 36. Rxa2 e4 37. Rd2 Qe5 38. Ra2 Rd1+  0-1

[Event "FIDE Online Olympiad"]
[Site "Chess.com"]
[Date "2020.07.25"]
[EventDate "2020.07.25"]
[Round "3"]
[Result "0-1"]
[White "Ezio Righi"]
[Black "James S Tondo"]
[WhiteElo "1994"]
[BlackElo "1855"]
[PlyCount "62"]

1. e4 c5 2. Nf3 d6 3. d4 cxd4 4. Nxd4 Nf6 5. Nc3 g6 6. Be3 Bg7 7. f3 O-O 8. Qd2
Nc6 9. O-O-O d5 10. exd5 Nxd5 11. Nxc6 bxc6 12. Bd4 Bxd4 13. Qxd4 Qb6 14. Nxd5
cxd5 15. Qxd5 Be6 16. Qb5 Qe3+ 17. Kb1 Rab8 18. Qd3 Rfd8 19. Qxd8+ Rxd8 20.
Rxd8+ Kg7 21. Bd3 Qg5 22. b3 Qxg2 23. Rc1 Qxh2 24. c4 a5 25. c5 a4 26. Rc3 a3
27. Bc2 Qe5 28. Rdd3 Bf5 29. Re3 Qh2 30. Re1 Qd2 31. Bxf5 Qb2#  0-1

[Event "FIDE Online Olympiad"]
[Site "Chess.com"]
[Date "2020.07.25"]
[EventDate "2020.07.25"]
[Round "3"]
[Result "0-1"]
[White "Jallah Jacob"]
[Black "Danilo Volpinari"]
[WhiteElo "1902"]
[BlackElo "1946"]
[PlyCount "124"]

1. c4 c6 2. Nc3 d5 3. cxd5 cxd5 4. d4 Nf6 5. g3 Bf5 6. Bg2 Nc6 7. a3 e6 8. Nf3
h6 9. O-O Be7 10. Nh4 Bh7 11. Nf3 O-O 12. b4 Rc8 13. Bb2 Nd7 14. e3 Nb6 15. Nd2
a6 16. Re1 Bf6 17. Rc1 Na7 18. Na4 Rxc1 19. Bxc1 Nb5 20. Nc5 Qe7 21. Qb3 Nd6
22. Bf1 Rc8 23. a4 Nd7 24. Bb2 h5 25. e4 dxe4 26. Ndxe4 Nxe4 27. Nxe4 Bxe4 28.
Rxe4 Qd6 29. a5 Qc6 30. Bd3 g6 31. Re1 Kg7 32. Rc1 Qxc1+ 33. Bxc1 Rxc1+ 34. Kg2
Bxd4 35. Be4 Nf6 36. Bxb7 Ng4 37. Qd3 e5 38. Qxa6 Rc2 39. Qf1 Rxf2+ 40. Qxf2
Nxf2 41. a6 Ba7 42. b5 Nd3 43. Be4 Nc5 44. Bc6 f5 45. Kf1 Kf6 46. Ke2 e4 47.
Be8 Ne6 48. Bd7 Nd4+ 49. Kd2 Nf3+ 50. Ke2 Nxh2 51. Be8 Nf3 52. Bc6 Ne5 53. Bd5
Ke7 54. Bb3 Kd6 55. Bg8 Kc5 56. Ke3 Kxb5+ 57. Kf4 Nd3+ 58. Kg5 e3 59. Bh7 e2
60. Bxg6 e1=Q 61. Bxf5 Qxg3+ 62. Kxh5 Nf4+  0-1

[Event "FIDE Online Olympiad"]
[Site "Chess.com"]
[Date "2020.07.25"]
[EventDate "2020.07.25"]
[Round "1"]
[Result "0-1"]
[White "Shaun M Tracey"]
[Black "Ortega Amarelle, Mariano"]
[WhiteElo "1627"]
[BlackElo "2482"]
[PlyCount "90"]

1. e4 c5 2. Nc3 e6 3. f4 a6 4. g3 b5 5. Bg2 Bb7 6. d3 d5 7. Qe2 Be7 8. Nf3 Nf6
9. e5 Nfd7 10. a3 g6 11. O-O h5 12. d4 b4 13. axb4 cxb4 14. Nd1 a5 15. Re1 Ba6
16. Qf2 Nc6 17. c3 Nb6 18. Ne3 a4 19. Bf1 Qc8 20. Bd2 b3 21. Bc1 Na5 22. Nd2
Kd7 23. Qg2 Bxf1 24. Qxf1 Nac4 25. Qf2 Nxe3 26. Qxe3 Nc4 27. Qe2 Nxd2 28. Qxd2
Qc4 29. Qe2 Rhb8 30. Kf2 Rc8 31. Kf3 a3 32. Kf2 axb2 33. Bxb2 Ra2 34. Reb1
Qxe2+ 35. Kxe2 Ba3 36. Rxa2 bxa2 37. Ra1 Bxb2 38. Rxa2 Bxc3 39. Ra7+ Rc7 40.
Ra4 Bb2 41. Kd2 Rc4 42. Ra7+ Ke8 43. Ra8+ Ke7 44. Ra7+ Kf8 45. Ra8+ Kg7  0-1

[Event "FIDE Online Olympiad"]
[Site "Chess.com"]
[Date "2020.07.25"]
[EventDate "2020.07.25"]
[Round "1"]
[Result "0-1"]
[White "Sidi Boidiya"]
[Black "Sixtus Gabriel"]
[WhiteElo "2065"]
[BlackElo "1888"]
[PlyCount "140"]

1. e4 e6 2. d4 d5 3. exd5 exd5 4. Nf3 Nf6 5. Bd3 Bg4 6. O-O Be7 7. c3 O-O 8.
Bf4 c6 9. Nbd2 Nbd7 10. Qc2 Re8 11. h3 Bxf3 12. Nxf3 Nf8 13. Ne5 Ng6 14. Bh2
Nd7 15. f4 Bf6 16. Rae1 Ndf8 17. Ng4 Bh4 18. g3 Be7 19. f5 Nh8 20. f6 gxf6 21.
Nh6+ Kg7 22. Nf5+ Kg8 23. Qd2 Nfg6 24. h4 Bf8 25. Rxe8 Qxe8 26. h5 Ne7 27. Nh6+
Kg7 28. Ng4 Nhg6 29. hxg6 Nxg6 30. Nxf6 Qe6 31. Nh5+ Kh8 32. Qf2 Re8 33. Bf5
Qe7 34. Bxg6 fxg6 35. Nf6 Bh6 36. Ng4 Bg7 37. Ne5 Rf8 38. Qe2 Rxf1+ 39. Kxf1
Qf6+ 40. Qf3 Qe6 41. g4 Kg8 42. Kg2 c5 43. Bg1 b6 44. Be3 Bxe5 45. dxe5 Qxe5
46. Qf4 Qe6 47. Qb8+ Kf7 48. Qxa7+ Kf6 49. g5+ Kf5 50. Kf2 Ke4 51. Ke2 Qg4+ 52.
Kd2 Qg2+ 53. Kc1 Kd3 54. Qa6+ c4 55. Qa4 Kxe3 56. Qd1 Kf4 57. Qd4+ Kxg5 58.
Qxb6 h5 59. a4 h4 60. a5 h3 61. Qd8+ Kf4 62. Qf6+ Ke3 63. Qe5+ Kf2 64. Qd4+ Kg3
65. Qe5+ Kh4 66. Qf6+ Qg5+ 67. Qxg5+ Kxg5 68. a6 h2 69. a7 h1=Q+ 70. Kc2 Qh8
 0-1

[Event "FIDE Online Olympiad"]
[Site "Chess.com"]
[Date "2020.07.25"]
[EventDate "2020.07.25"]
[Round "1"]
[Result "0-1"]
[White "Dien Thomas"]
[Black "Taleb Mohamed, Ahmed"]
[WhiteElo "1821"]
[BlackElo "1978"]
[PlyCount "98"]

1. f4 Nc6 2. Nf3 d6 3. e3 e5 4. Bb5 exf4 5. Bxc6+ bxc6 6. exf4 Nf6 7. O-O Be7
8. b3 O-O 9. Bb2 c5 10. d3 Bb7 11. Nbd2 Nd5 12. Qe1 Re8 13. Qg3 Bf6 14. Bxf6
Nxf6 15. Rae1 Qd7 16. Nc4 Qg4 17. Rxe8+ Rxe8 18. Qxg4 Nxg4 19. Re1 Rxe1+ 20.
Nxe1 f5 21. a4 Kf7 22. h3 Nf6 23. Kf2 Ke6 24. Nf3 h6 25. Ke3 Nd5+ 26. Kf2 Nxf4
27. d4 Ba6 28. Ne3 Nd5 29. dxc5 Nxe3 30. Kxe3 dxc5 31. h4 Kf6 32. c4 Bb7 33. g3
Bxf3 34. Kxf3 Ke5 35. h5 a5 36. Ke3 Kf6 37. Kf4 g5+ 38. hxg6 Kxg6 39. Ke3 Kg5
40. Kf3 h5 41. Kg2 Kg4 42. Kf2 f4 43. gxf4 Kxf4 44. Kg2 Ke4 45. Kf2 Kd4 46. Kg3
Kc3 47. Kh4 Kxb3 48. Kxh5 Kxa4 49. Kg5 Kb4  0-1